ბათუმის შოთა რუსთაველის სახელმწიფო უნივერსიტეტის ბიბლიოთეკა

გარდამოხსნა (ბიბ.ჩანაწერი № 42112)

000 -LEADER
fixed length control field 00732nam a2200229Ia 4500
001 - CONTROL NUMBER
control field 8803
003 - CONTROL NUMBER IDENTIFIER
control field GE_BSU
008 - FIXED-LENGTH DATA ELEMENTS--GENERAL INFORMATION
fixed length control field 181216s||||||||xx |||||||||||||| ||und||
040 ## - CATALOGING SOURCE
Transcribing agency GE_BSU
080 ## - UNIVERSAL DECIMAL CLASSIFICATION NUMBER
Universal Decimal Classification number 821.353.1-31
100 ## - MAIN ENTRY--PERSONAL NAME
Personal name კალანდაძე, ალექსანდრე
245 ## - TITLE STATEMENT
Title გარდამოხსნა
245 ## - TITLE STATEMENT
Remainder of title რომანი.
245 ## - TITLE STATEMENT
Statement of responsibility, etc. რედ.: ირ.არაბული;მხატვ:ლ.ღვინჯილია
260 ## - PUBLICATION, DISTRIBUTION, ETC.
Place of publication, distribution, etc. თბილისი.
260 ## - PUBLICATION, DISTRIBUTION, ETC.
Name of publisher, distributor, etc. საბჭ. საქართველო.
260 ## - PUBLICATION, DISTRIBUTION, ETC.
Date of publication, distribution, etc. 1982
300 ## - PHYSICAL DESCRIPTION
Extent 627გვ;ილ;20სმ.
653 ## - INDEX TERM--UNCONTROLLED
Uncontrolled term გარდამოხსნა
653 ## - INDEX TERM--UNCONTROLLED
Uncontrolled term რომანი
942 ## - ADDED ENTRY ELEMENTS (KOHA)
Koha item type წიგნი
ეგზემპლარები
Withdrawn status Lost status Damaged status Not for loan Date acquired Barcode Date last seen Price effective from Koha item type
        2018-12-17 31253 2018-12-17 2018-12-17 წიგნი
        2018-12-17 31254 2018-12-17 2018-12-17 წიგნი
        2018-12-17 31269-7ლ 2018-12-17 2018-12-17 წიგნი